| 000 | 00587cam a22001337a 4500 | ||
|---|---|---|---|
| 008 | 180718b1969 xxu||||| |||| 00| 0 eng d | ||
| 082 | _aU61x54 In2/LIC | ||
| 100 | _aCommittee of Enquiry into the expenses of the Life Insurance Corporation | ||
| 245 |
_aReport of the Committee of Enquiry into the expenses of the Life Insurance Corporation of India _cby Committee of Enquiry into the expenses of the Life Insurance Corporation, India |
||
| 260 |
_aNew Delhi _bThe author _c1969 |
||
| 300 | _a2 Parts | ||
| 500 | _aContents: Pt. 1. 417+p;Pt. 2. 207+p. | ||
| 700 | _aMorarka, R.R. (Chairman) | ||
| 999 |
_c489853 _d489853 |
||